Juan Bautista Muñoz y la "Historia del Nuevo Mundo" / (Record no. 168940)

MARC details
000 -LEADER
campo de control de longitud fija 00700nam a22001935i 4500
001 - NÚMERO DE CONTROL
campo de control 168940
003 - IDENTIFICADOR DE NÚMERO DE CONTROL
campo de control ES-MaACL
005 - FECHA Y HORA DE LA ÚLTIMA TRANSACCIÓN
campo de control 20231216062909.0
008 - DATOS DE LONGITUD FIJA--INFORMACIÓN GENERAL
campo de control de longitud fija 080626s2003 sp |||| | spa d
080 ## - NÚMERO DE LA CLASIFICACIÓN DECIMAL UNIVERSAL
Número de la Clasificación Decimal Universal 930 Muñoz, Juan Bautista
100 1# - ENTRADA PRINCIPAL--NOMBRE DE PERSONA
Nombre de persona Pérez de Tudela y Bueso, Juan,
Fechas asociadas al nombre 1922-2004
9 (RLIN) 90810
245 10 - MENCIÓN DEL TÍTULO
Título Juan Bautista Muñoz y la "Historia del Nuevo Mundo" /
Mención de responsabilidad, etc. por Juan Pérez de Tudela y Bueso.
260 ## - PUBLICACIÓN, DISTRIBUCIÓN, ETC.
Lugar de publicación, distribución, etc. Madrid :
Nombre del editor, distribuidor, etc. Real Academia de la Historia,
Fecha de publicación, distribución, etc. 2003.
300 ## - DESCRIPCIÓN FÍSICA
Extensión p. 27-47 ;
Dimensiones 20 cm.
595 ## -
-- Separata del libro: Homenaje y Memoria (I) (1999-2000)
600 14 - PUNTO DE ACCESO ADICIONAL DE MATERIA--NOMBRE DE PERSONA
Nombre de persona Muñoz, Juan Bautista.
9 (RLIN) 84321
852 ## - LOCALIZACIÓN
Ubicación ES-MaACL
Número de control de estantería 2241-F-7
itemnumber R.142421
Holdings
Estatus retirado Estado de pérdida Estado de daño No para préstamo Colección Biblioteca de origen Biblioteca actual Ubicación en estantería Fecha de adquisición Fuente de adquisición Total de préstamos Signatura topográfica completa Código de barras Visto por última vez Precio de reemplazo Tipo de ítem Koha
        Colección de folletos Biblioteca del Ateneo de Madrid Biblioteca del Ateneo de Madrid Depósito folletos 26/06/2008     2241-F-7 1177308 23/02/2023 23/02/2023 Folleto